Poverty, unemployment and rural development / (Record no. 124628)
[ view plain ]
| 000 -LEADER | |
|---|---|
| fixed length control field | 00716nam a22002297a 4500 |
| 005 - DATE AND TIME OF LATEST TRANSACTION | |
| control field | 20170124105942.0 |
| 010 ## - LIBRARY OF CONGRESS CONTROL NUMBER | |
| LC control number | A-541153 |
| 020 ## - INTERNATIONAL STANDARD BOOK NUMBER | |
| Terms of availability | 00.00 |
| International Standard Book Number | 8170244129 |
| 035 ## - SYSTEM CONTROL NUMBER | |
| System control number | A-541153 |
| 037 ## - SOURCE OF ACQUISITION | |
| Source of stock number/acquisition | Cen Lib/Ret |
| 040 ## - CATALOGING SOURCE | |
| Original cataloging agency | DPL |
| Language of cataloging | EN |
| 082 ## - DEWEY DECIMAL CLASSIFICATION NUMBER | |
| Classification number | 338.9541734 |
| Item number | POV |
| 245 ## - TITLE STATEMENT | |
| Title | Poverty, unemployment and rural development / |
| Statement of responsibility, etc | edited by Baidyanath Misra |
| 260 ## - PUBLICATION, DISTRIBUTION, ETC. (IMPRINT) | |
| Place of publication, distribution, etc | New Delhi |
| Name of publisher, distributor, etc | Ashish Publishing House |
| Date of publication, distribution, etc | 1991 |
| 270 ## - ADDRESS | |
| Address | 8/81, Punjabi Bagh |
| City | New Delhi |
| Postal code | 110026 |
| 300 ## - PHYSICAL DESCRIPTION | |
| Extent | xii,146p. |
| Dimensions | 22cmHb) |
| 500 ## - GENERAL NOTE | |
| General note | Includes index |
| 650 ## - SUBJECT ADDED ENTRY--TOPICAL TERM | |
| Topical term or geographic name as entry element | Rural development |
| 9 (RLIN) | 73595 |
| 650 ## - SUBJECT ADDED ENTRY--TOPICAL TERM | |
| Topical term or geographic name as entry element | Rural poor--Employment |
| 9 (RLIN) | 11420 |
| 700 ## - ADDED ENTRY--PERSONAL NAME | |
| Personal name | Misra,, Baidyanath |
| 9 (RLIN) | 11421 |
| 942 ## - ADDED ENTRY ELEMENTS (KOHA) | |
| Source of classification or shelving scheme | Dewey Decimal Classification |
| Koha item type | English Books |
| Classification part | 338.9541734 |
| Call number suffix | POV |
| Withdrawn status | Lost status | Damaged status | Not for loan | Home library | Current library | Date acquired | Source of acquisition | Cost, normal purchase price | Total Checkouts | Full call number | Barcode | Date last seen | Copy number | Cost, replacement price | Price effective from | Koha item type | Public note |
|---|---|---|---|---|---|---|---|---|---|---|---|---|---|---|---|---|---|
| Written off | Central Library | Central Library | 17/06/2015 | Cen Lib/Ret | 0.00 | 338.9541734 POV | A-541153 | 17/06/2015 | 1 | 0.00 | 15/09/2016 | English Books | Written off on approval by DLB (By Circulation); dtd 15-06-2023 |
